000 01348nam a2200325 i 4500
003 EG-GICUC
005 20260121101429.0
008 251204s1978 ua ad||fr|||| 00| 0 ara d
017 _a1978/3680
020 _a9777307000
040 _a EG-GICUC
_bara
_c EG-GICUC
_d EG-GICUC
_erda
041 0 _aara
082 0 4 _221
_a343.3
_bر م . إ
092 0 4 _221
099 _aLaw1 10 343.3 ر م . إ 1978
100 0 _aرمسيس بهنام
_eمؤلف.
245 1 2 _aالإجراءات الجنائية تأصيلا وتحليلا.
_nالجزء الثانى /
_cدكتور رمسيس بهنام.
264 1 _aالاسكندرية :
_bمنشأة المعارف,
_c1977 .
300 _a481 صفحة :
_bإيضاحيات، جداول ؛
_c24 سم.
336 _2rda content
_atext
337 _2rda media
_aComputer
338 _2rda carrier
_aOnline Resource
500 _aالإجراء الاستقصائي (الاستلال والتعقيم ) الإجراء القضاف - طرق الطعن في الأحكام الإجراء التنفيذي
546 _aالنص باللغة العربية
650 1 4 _a قانون الإجراءات الجنائية
650 1 4 _aقانون الإجراءات الجنائية
856 4 0 _uhttps://fll.law.cu.edu.eg/fulltext/bks/B10-06612.pdf
905 _a77
_eHassnaa
942 _2ddc
_cBK
_e21
_n0
999 _c48302
_d48302